MAASAI MARA UNIVERSITY

LIBRARY CATALOGUE

Contact Us: +254 020 2685356/7 or 0774 057787

Box: 861-20500, NAROK, KENYA

Email: info@mmarau.ac.ke

Microsoft SQL Server 2000 administrator's companion / (Record no. 24513)

MARC details
000 -LEADER
fixed length control field 00862cam a22002654a 4500
001 - CONTROL NUMBER
control field 12103059
003 - CONTROL NUMBER IDENTIFIER
control field OSt
005 - DATE AND TIME OF LATEST TRANSACTION
control field 20210217105157.0
008 - FIXED-LENGTH DATA ELEMENTS--GENERAL INFORMATION
fixed length control field 000711s2000 waua 001 0 eng
010 ## - LIBRARY OF CONGRESS CONTROL NUMBER
LC control number 00059281
020 ## - INTERNATIONAL STANDARD BOOK NUMBER
International Standard Book Number 0735610517
040 ## - CATALOGING SOURCE
Original cataloging agency MMU
Transcribing agency MMU
Modifying agency MMU
Language of cataloging Eng
042 ## - AUTHENTICATION CODE
Authentication code pcc
050 00 - LIBRARY OF CONGRESS CALL NUMBER
Classification number QA76.9.C55
Item number M532 2000
082 00 - DEWEY DECIMAL CLASSIFICATION NUMBER
Classification number 005.75/85
Edition number 21
245 00 - TITLE STATEMENT
Title Microsoft SQL Server 2000 administrator's companion /
Statement of responsibility, etc. Marci Frohock Garcia ... [et al.].
260 ## - PUBLICATION, DISTRIBUTION, ETC. (IMPRINT)
Place of publication, distribution, etc. Redmond, WA :
Name of publisher, distributor, etc. Microsoft Press,
Date of publication, distribution, etc. 2000.
300 ## - PHYSICAL DESCRIPTION
Extent xxix, 1131 p. :
Other physical details ill. ;
Dimensions 25 cm. +
Accompanying material 1 CD-ROM (4 3/4 in.)
630 00 - SUBJECT ADDED ENTRY--UNIFORM TITLE
Uniform title SQL server.
650 #0 - SUBJECT ADDED ENTRY--TOPICAL TERM
Topical term or geographic name as entry element Client/server computing.
650 #0 - SUBJECT ADDED ENTRY--TOPICAL TERM
Topical term or geographic name as entry element Relational databases.
700 1# - ADDED ENTRY--PERSONAL NAME
Personal name Garcia, Marcilina S.
856 42 - ELECTRONIC LOCATION AND ACCESS
Materials specified Publisher description
Uniform Resource Identifier <a href="http://www.loc.gov/catdir/enhancements/fy1004/00059281-d.html">http://www.loc.gov/catdir/enhancements/fy1004/00059281-d.html</a>
942 ## - ADDED ENTRY ELEMENTS (KOHA)
Source of classification or shelving scheme Library of Congress Classification
Koha item type L
Holdings
Withdrawn status Lost status Source of classification or shelving scheme Damaged status Not for loan Home library Current library Date acquired Source of acquisition Total Checkouts Full call number Barcode Date last seen Price effective from Koha item type
    Library of Congress Classification     Maasai Mara University Library -Main Campus Maasai Mara University Library -Main Campus 03/13/2017 Donation-T4C   QA76.9.C55M532 2000 17027106 03/13/2017 03/13/2017 L
© 2016 Maasai Mara University.